Normal view
MARC view
- SHEEJA P S (Co-Guide)
Entry Personal Name
001 - CONTROL NUMBER
- control field: 5493
003 - CONTROL NUMBER IDENTIFIER
- control field: OSt
005 - DATE AND TIME OF LATEST TRANSACTION
- control field: 20230624124621.0
008 - FIXED-LENGTH DATA ELEMENTS
- fixed length control field: 230624|| aca||aabn | a|a d
040 ## - CATALOGING SOURCE
- Original cataloging agency: OSt
- Transcribing agency: OSt
100 ## - HEADING--PERSONAL NAME
- Personal name: SHEEJA P S (Co-Guide)
670 ## - SOURCE DATA FOUND
- Source citation: Work cat.: (OSt)17716: BALAGA SUPRAJA NIDA FATHIMA PARVATHY C V SHAFNA PP SOORYA K 5492, SPATIAL MAPPING OF WATER SUPPLY & DISTRIBUTION NETWORK OF KCAET CAMPUS USING TOTAL STATION SURVEY & GIS , 2023
